000
00308nam a22001337a 4500
008
180905b xxu||||| |||| 00| 0 eng d
020
_a
9780815332183
041
_a
eng
080
_2
4 ED
_a
573
100
_a
11
101
_a
BIO
245
_a
Molecular Biology Of The Cell
_c
Johnson,A
942
_2
udc
_c
BK
999
_c
47553
_d
47553